| 000 | 00561nam a2200181 4500 | ||
|---|---|---|---|
| 003 | KOHA_MİRAKIL | ||
| 005 | 20260601112718.0 | ||
| 008 | 260601b tu ||||| |||| 00| 0 tur d | ||
| 040 |
_aTR-AnABB _btur _cTR-AnABB |
||
| 041 | _atur | ||
| 082 |
_a352.095 213 5 _bSIZ 1969 |
||
| 245 | 0 | 0 |
_aSizing up Tokyo : _ba report on Tokyo under the Administration of Governor Ryokicki Minobe |
| 260 |
_a[y.y.] : _b[yayl. y.] , _c1969 |
||
| 300 |
_a170 sayfa ; _c18 cm |
||
| 650 | 0 | 4 | _aYerel yönetimler |
| 650 | 0 | 4 | _aYerel yönetimler, Tokyo |
| 942 |
_2ddc _cBK |
||
| 999 |
_c10389 _d10389 |
||
| 900 | _bCan ÇELIK | ||